000 00581naa a2200145 i 4500
001 9651
003 KOSZ 005
005 20180405113130.0
008 180405s2008 pl | | |000 ||pol d
040 _cKOSZ 005/HR
_aKOSZ 005/HR
100 _aKATZER, Jacek.
_d1999 - 2012.
_bPolitechnika Koszalińska - Wydział Budownictwa i Inżynierii Środowiska,
_cKatedra Budownictwa i Materiałów Budowlanych
245 _aCiepłe ściany jednowarstwowe 100, 50, 30 lat temu /
_cJacek Katzer.
773 0 _iW :
_tInżynier Budownictwa. -
_g2008, nr 12, s.54-57.
_x1732-3428
942 _cART
_2UKD
999 _c9651
_d9651